| 000 | 00404nam a22001217a 4500 | ||
|---|---|---|---|
| 082 | _aTHE 200 | ||
| 100 |
_aMUHAMMAD BILAL _915291 |
||
| 245 | _aTH-SOF-0769-DESIGN AND ANALYSIS OF A NOVEL TWO DOF HYDRAULLACALY ACTUATED SPHERICAL ACTUATOR FOR SNAKE ARM ROBOTS l | ||
| 260 |
_aNUST COLLEGE OF EME _bISLAMABAD _c2001 |
||
| 650 | _aMS-MTS-62 MSTHESIS | ||
| 700 |
_a DR KUNWAR FARAZ AHMAD _972812 |
||
| 942 | _cCF | ||
| 999 |
_c578792 _d578792 |
||